[Event "Sheikh Russel GM 2021"]
[Site "Dhaka"]
[Date "2021.10.21"]
[Round "3.3"]
[White "Malakhatko, Vadim"]
[Black "Iskandarov, Misratdin"]
[Result "1/2-1/2"]
[WhiteElo "2444"]
[BlackElo "2552"]
[Annotator "ChessBase"]
[PlyCount "77"]
[EventDate "2021.10.19"]
[EventType "swiss"]
[EventCountry "BAN"]
[SourceTitle "playchess.com"]
[Source "ChessBase"]
[SourceQuality "1"]
[TimeControl "40/5400+30:1800+30"]

1. d4 {[%emt 0:00:04]} d6 {[%emt 0:00:12]} 2. Nf3 {[%emt 0:00:17]} g6 {[%emt 0:00:10]} 3. c4 {[%emt 0:00:15]} Bg7 {[%emt 0:00:11]} 4. Nc3 {[%emt 0:00:05]} Nf6 {[%emt 0:00:12]} 5. e4 {[%emt 0:00:06]} O-O {[%emt 0:00:08]} 6. Be2 {[%emt 0:00:05]} e5 {[%emt 0:00:09]} 7. O-O {[%emt 0:00:06]} Nc6 {[%emt 0:00:06]} 8. d5 {[%emt 0:00:05]} Ne7 {[%emt 0:00:06]} 9. a4 {[%emt 0:00:29]} a5 {[%emt 0:00:07]} 10. Ne1 {[%emt 0:00:05]} Nd7 {[%emt 0:00:27]} 11. Nd3 {[%emt 0:00:08]} f5 {[%emt 0:00:45]} 12. f3 {[%emt 0:00:05]} Kh8 {[%emt 0:04:56]} 13. Nb5 {[%emt 0:00:47]} Nf6 {[%emt 0:03:42]} 14. Nf2 {[%emt 0:00:49]} Bd7 {[%emt 0:04:11]} 15. Ra3 {[%emt 0:02:17]} Bxb5 {[%emt 0:10:01]} 16. cxb5 {[%emt 0:19:42]} c6 {[%emt 0:05:05]} 17. dxc6 {[%emt 0:02:10]} bxc6 {[%emt 0:02:19]} 18. Be3 {[%emt 0:14:35]} cxb5 {[%emt 0:10:26]} 19. axb5 {[%emt 0:02:07]} d5 {[%emt 0:02:58]} 20. Bc5 {[%emt 0:01:57]} Qc7 {[%emt 0:00:26]} 21. Rc3 {[%emt 0:07:22]} fxe4 {[%emt 0:10:34]} 22. fxe4 {[%emt 0:00:07]} Rad8 {[%emt 0:10:20]} 23. Qa4 {[%emt 0:14:47]} Qb7 {[%emt 0:16:47]} 24. Qxa5 {[%emt 0:01:42]} dxe4 {[%emt 0:00:27]} 25. Qa6 {[%emt 0:05:54]} Qd7 {[%emt 0:00:39]} 26. Bc4 {[%emt 0:02:09]} e3 {[%emt 0:15:16]} 27. Rxe3 {[%emt 0:02:46]} Qc7 {[%emt 0:00:39]} 28. Qa7 {[%emt 0:05:16]} Qxa7 {[%emt 0:00:41]} 29. Bxa7 {[%emt 0:00:06]} Nf5 {[%emt 0:00:33]} 30. Ree1 {[%emt 0:00:43]} e4 {[%emt 0:00:42]} 31. Bc5 {[%emt 0:04:16]} Rfe8 {[%emt 0:00:24]} 32. Nd1 {[%emt 0:02:06]} Rc8 {[%emt 0:01:05]} 33. b4 {[%emt 0:00:07]} Nd7 {[%emt 0:00:28]} 34. Bf7 {[%emt 0:01:25]} Re5 {[%emt 0:00:58]} 35. Bf2 {[%emt 0:01:11]} Rxb5 {[%emt 0:00:42]} 36. Be6 {[%emt 0:01:08]} Rd8 {[%emt 0:00:04]} 37. Rxe4 {[%emt 0:02:52]} Nf6 {[%emt 0:00:04]} 38. Rc4 {[%emt 0:01:25]} Nd6 {[%emt 0:00:31]} 39. Rc6 {[%emt 0:05:54]} 1/2-1/2

[Event "Sheikh Russel GM 2021"]
[Site "Dhaka"]
[Date "2021.10.21"]
[Round "3.4"]
[White "Narayanan, Srinath"]
[Black "Aronyak Ghosh"]
[Result "1-0"]
[WhiteElo "2540"]
[BlackElo "2445"]
[Annotator "TA"]
[PlyCount "51"]
[EventDate "2021.10.19"]
[EventType "swiss"]
[EventCountry "BAN"]
[SourceTitle "playchess.com"]
[Source "ChessBase"]
[SourceQuality "1"]

{[%evp 21,51,52,87,83,75,73,112,94,105,108,168,154,168,158,169,156,158,126,152,146,157,158,764,776,777,774,741,748,861,842,796,762]} 1. c4 c5 2. Nf3 Nf6 3. d4 cxd4 4. Nxd4 Nc6 5. Nc3 g6 6. e4 Bg7 7. Be3 d6 8. Be2 O-O 9. O-O Nxd4 10. Bxd4 Be6 11. f4 {11.Rc1 is a critical line.} Qa5 12. Kh1 {B38: Sicilian: Maroczy Bind with 5...Bg7 and 7...0-0.} Rac8 13. b3 {[%cal Bb2b3,Bb3b4][%mdl 32]} Rfe8 14. Rc1 {White is better.} Rcd8 {[#]} 15. a3 $5 $146 {[%mdl 8] New and interesting.} ({Predecessor:} 15. Qc2 Bg4 16. Bxf6 Bxe2 17. Bxg7 Bxf1 18. Bd4 Bxc4 19. bxc4 Rc8 20. Nd5 b5 21. c5 dxc5 22. Bxc5 {½-½ (41) Dragicevic,D (2306)-Arnelind,M (2243) Sweden 2013}) 15... a6 (15... Rc8 $16 {might work better.}) 16. f5 $18 {Black must now prevent b4.} Bd7 {[#]} 17. b4 $1 {[%cal Rb4a5]} Qc7 18. Qe1 Qb8 19. Qf2 b5 20. fxg6 hxg6 21. Nd5 Be6 $2 {[#]} (21... Bc6 $16 22. Nxe7+ {[%mdl 64] Remove Defender} (22. Bxf6 Bxf6 23. Nxe7+ {[%mdl 64] Remove Defender} Rxe7 $16) 22... Rxe7 23. Bxf6 Bxf6 24. Qxf6 Rdd7) 22. Nxe7+ $1 {[%mdl 576] Remove Defender. White is clearly winning.} Rxe7 23. Bxf6 Bxf6 24. Qxf6 Qa7 25. Rf4 {White threatens Rh4 and mate.} Qe3 26. Rg1 {Black did not feel at home in the position after the opening.  Weighted Error Value: White=0.05/Black=0.22} 1-0

[Event "Sheikh Russel GM 2021"]
[Site "Dhaka"]
[Date "2021.10.21"]
[Round "3.5"]
[White "Stany, G.A."]
[Black "Das, Sayantan"]
[Result "1/2-1/2"]
[WhiteElo "2522"]
[BlackElo "2444"]
[Annotator "TA"]
[PlyCount "103"]
[EventDate "2021.10.19"]
[EventType "swiss"]
[EventCountry "BAN"]
[SourceTitle "playchess.com"]
[Source "ChessBase"]
[SourceQuality "1"]

{[%evp 10,103,30,18,28,18,26,11,13,-5,-10,-13,-15,-14,27,29,34,12,35,22,29,31,33,30,40,34,56,56,56,60,56,59,60,59,61,51,47,45,48,0,0,0,0,0,0,0,4,4,4,0,0,0,0,0,0,0,0,0,0,0,24,20,38,6,6,7,14,0,28,0,89,30,53,44,37,8,8,8,8,8,8,8,8,8,13,14,24,0,120,8,8,0,0,0,8,0]} 1. e4 c6 2. Nc3 d5 3. Nf3 Bg4 4. h3 Bxf3 5. Qxf3 e6 6. Be2 Bc5 {B11: Caro-Kann: Two Knights Variation.} 7. O-O Nd7 8. d3 Ne7 9. Qg3 O-O 10. Kh1 (10. Rb1 {seems wilder.} b5 11. h4 Kh8 12. Bd2 d4 13. Nd1) 10... Bd4 11. f4 f5 {[#]} 12. e5 $146 ({Predecessor:} 12. Bf3 a5 13. Ne2 Bb6 14. e5 a4 15. d4 c5 16. c3 cxd4 17. Nxd4 Bxd4 18. cxd4 {0-1 (42) Lane,G (2375)-Bjelobrk,I (2339) Melbourne 2014}) 12... b5 13. Bf3 a5 14. Qe1 Ba7 15. Ne2 Ng6 16. g3 Rb8 17. c3 b4 18. Nd4 Bxd4 19. cxd4 c5 20. Be3 cxd4 21. Bxd4 Qc8 22. Bd1 Qa6 23. Ba4 Nb6 24. Bxb6 Qxb6 25. Qf2 Qa6 26. Qe3 Rfc8 27. Rac1 Rxc1 28. Rxc1 Rc8 {With the idea ...Rxc1+.} 29. Rxc8+ Qxc8 30. Kg2 Qc7 31. Kf2 Kf7 32. Ke2 Ne7 33. Kd2 g6 34. g4 Nc8 35. Qf2 Qe7 36. Kc2 Qc7+ 37. Kd1 Qe7 38. Qc2 Nb6 39. Bb5 {Threatens to win with Qc6.} Qb7 (39... fxg4 $11 40. hxg4 d4) 40. gxf5 ({White should try} 40. Qc5 $16) 40... gxf5 $11 41. Qc5 Nc8 42. Kc2 Na7 43. Ba4 {[#] And now Kb3 would win.} Qc8 44. d4 Qxc5+ 45. dxc5 {[%mdl 4096] Endgame c6 is the strong threat. KB-KN} Ke7 46. Kb3 Kd8 47. a3 bxa3 48. Kxa3 h6 {[#]} (48... Kc7 $11) 49. Kb3 (49. Bd1 $1 $16) 49... Ke7 {The position is equal.} 50. Kc3 Kd8 51. Kb3 Ke7 52. Ka3 {Weighted Error Value: White=0.11/Black=0.13} 1/2-1/2

[Event "Sheikh Russel GM 2021"]
[Site "Dhaka"]
[Date "2021.10.21"]
[Round "3.6"]
[White "Sammed Jaykumar, Shete"]
[Black "Shyam, Sundar M."]
[Result "1/2-1/2"]
[WhiteElo "2413"]
[BlackElo "2518"]
[Annotator "TA"]
[PlyCount "68"]
[EventDate "2021.10.19"]
[EventType "swiss"]
[EventCountry "BAN"]
[SourceTitle "playchess.com"]
[Source "ChessBase"]
[SourceQuality "1"]

{[%evp 9,68,-28,-23,-25,-28,-33,-29,-14,-11,-13,-11,-12,-10,-10,-4,-17,-12,-29,-23,-24,-15,-12,-4,-10,-8,-10,0,-11,-11,-12,0,0,0,0,0,0,0,-14,-12,-18,-10,-11,-12,-12,-10,-12,0,-13,0,0,0,0,14,19,8,19,37,0,41,0,47]} 1. d4 Nf6 2. Nc3 d5 3. Bf4 e6 4. e3 Bb4 5. Bd3 c5 6. dxc5 {D00: 1 d4 d5: Unusual lines.} Nbd7 7. Nf3 Nxc5 8. O-O {Black has an edge.} O-O 9. Nb5 {[#] aiming for Nc7.} Bd7 $146 ({Predecessor:} 9... Nxd3 10. cxd3 Bd7 11. Nbd4 Bc5 12. Ne2 Rc8 13. Qb3 Qb6 14. Ne5 Qxb3 15. axb3 a6 {1-0 (60) Doncea,V (2425)-Demchenko,A (2589) Iasi 2015}) 10. Be2 {[#] Threatens to win with c3.} Nce4 11. c3 Bxb5 12. Bxb5 Bd6 13. Bxd6 Nxd6 14. Be2 Qb6 15. Qb3 Qc7 16. Nd2 Rac8 17. Rfd1 Rfd8 18. h3 h6 19. Rac1 b5 20. a4 a6 21. axb5 axb5 22. Ra1 Ra8 23. Nf3 ({Wrong is} 23. Bxb5 $2 Rab8 $19) 23... Nfe4 24. Nd4 Nc5 25. Qc2 Qb6 26. Bf1 Rdb8 27. Nb3 Na4 28. Nd2 b4 29. c4 ({Much worse is} 29. Rxa4 b3 $17) 29... b3 30. Qb1 dxc4 31. Nxc4 Nxc4 32. Bxc4 Qc6 33. Rc1 Qb7 34. Be2 {[#] And now Bf3 would win.} Nb6 {An uneventful encounter.  Weighted Error Value: White=0.05/Black=0.06} 1/2-1/2

[Event "Sheikh Russel GM 2021"]
[Site "Dhaka"]
[Date "2021.10.21"]
[Round "3.7"]
[White "Tiviakov, Sergei"]
[Black "Zubarev, Alexander"]
[Result "1-0"]
[WhiteElo "2600"]
[BlackElo "2395"]
[Annotator "TA"]
[PlyCount "57"]
[EventDate "2021.10.19"]
[EventType "swiss"]
[EventCountry "BAN"]
[SourceTitle "playchess.com"]
[Source "ChessBase"]
[SourceQuality "1"]

{[%evp 18,57,33,24,33,42,39,0,40,37,76,63,69,63,117,79,118,86,76,36,107,111,102,118,213,210,216,222,295,300,319,163,349,363,772,768,752,742,795,793,723,656]} 1. e4 c5 2. Nf3 Nc6 3. d4 cxd4 4. Nxd4 Qb6 5. Nb3 Nf6 6. Nc3 e6 7. Bd3 a6 8. Be3 Qc7 9. f4 d6 10. Qf3 b5 {B33: Sicilian: Pelikan and Sveshnikov Variations.} 11. g4 Nd7 12. O-O-O Bb7 {The position is equal.} (12... b4 $5 {[%cal Rb4c3]} 13. Ne2 Be7 $11) 13. Kb1 Nc5 14. g5 Be7 15. h4 O-O-O ({Black should try} 15... b4 $14 16. Ne2 Nxd3 17. cxd3 (17. Rxd3 a5 $11) 17... a5) 16. Qf2 Kb8 17. Rhf1 Nb4 18. Bd4 {[#]} f6 $146 {[#]} ({Black should play} 18... Nbxd3 $14 19. cxd3 f6) ({Predecessor:} 18... Rhg8 19. Bxb5 Nxe4 20. Nxe4 Bxe4 21. Bd3 Bxd3 22. cxd3 Rc8 23. Rc1 Qb7 24. Qd2 Qb5 25. Rxc8+ Rxc8 {0-1 (100) Sramek,V (2181)-Stinka,J (2263) Kouty nad Desnou 2020}) 19. gxf6 $1 $16 gxf6 {[#]} 20. e5 $1 {[%cal Re5d6] Threatens to win with exd6.} fxe5 (20... Nbxd3 $16 21. cxd3 Nxb3) 21. Nxc5 $18 exd4 22. Nxe6 {[%mdl 64] Double Attack} Qa5 23. Qxd4 Rc8 24. f5 (24. Bf5 $142) 24... Nc6 $2 (24... Rxc3 {might work better.} 25. bxc3 (25. Qxh8+ Rc8 $11) 25... Qxa2+ 26. Kc1 Nxd3+ 27. Qxd3 Rg8) 25. Qf4 Bf6 $2 (25... Qb4 26. Qxb4 Nxb4) 26. Qxd6+ {White is clearly winning.} Ka7 27. Nd5 Be5 28. Qc5+ Kb8 29. Nb6 {Weighted Error Value: White=0.21/Black=0.46} 1-0

[Event "Sheikh Russel GM 2021"]
[Site "Dhaka"]
[Date "2021.10.21"]
[Round "3.8"]
[White "Gleizerov, Evgeny"]
[Black "Krasenkow, Michal"]
[Result "0-1"]
[WhiteElo "2443"]
[BlackElo "2578"]
[Annotator "TA"]
[PlyCount "64"]
[EventDate "2021.10.19"]
[EventType "swiss"]
[EventCountry "BAN"]
[SourceTitle "playchess.com"]
[Source "ChessBase"]
[SourceQuality "1"]

{[%evp 19,64,39,47,22,30,27,27,17,31,0,0,0,7,8,8,0,0,0,0,0,0,0,8,0,0,0,0,0,0,-24,-39,-88,-69,-95,-81,-82,-84,-82,-67,-85,-65,-85,-45,-69,-70,-500,141]} 1. d4 d6 2. Nf3 Nf6 3. c4 g6 4. Nc3 Bf5 5. Nh4 Bd7 6. e4 e5 7. Nf3 Bg7 8. Be2 O-O 9. O-O Nc6 10. d5 Ne7 11. Nd2 {[#] E61: King's Indian: Early deviations for White, including Smyslov System.} a5 $146 ({Predecessor:} 11... Ne8 12. b4 a5 13. bxa5 Rxa5 14. a4 f5 15. Ba3 b6 16. Bb4 Ra8 17. a5 bxa5 18. Bxa5 Nf6 {½-½ (46) Bauduin,E (2300)-Erwich,M (2390) Belgium 2007}) 12. b3 Ne8 13. Ba3 {White has an edge.} b6 14. b4 axb4 15. Bxb4 f5 16. a4 Bh6 17. Bf3 c5 18. dxc6 Nxc6 19. Ba3 Bxd2 20. Qxd2 {Black must now prevent exf5.} Nd4 21. Bd1 fxe4 22. Nxe4 Bxa4 23. Bxa4 Rxa4 24. Nc3 Ra5 {[#] Strongly threatening ...Nb3.} 25. Qb2 Qc7 26. Ne4 Qxc4 {Hoping for ...Ne2+.} 27. Nxd6 Nxd6 28. Bxd6 Rb5 29. Qa3 Re8 30. Qh3 Nf5 31. Ra7 {[%csl Ga7][%cal Rh3h7]} h5 {aiming for ...Rd5.} 32. Qf3 {[%mdl 8192] [#]} Qxf1+ $3 {[%mdl 33280] Weighted Error Value: White=0.58/Black=0.04. Loss on time!?} 0-1

[Event "Sheikh Russel GM 2021"]
[Site "Dhaka"]
[Date "2021.10.21"]
[Round "3.9"]
[White "Solodovnichenko, Yuri"]
[Black "Ulybin, Mikhail"]
[Result "1-0"]
[WhiteElo "2577"]
[BlackElo "2443"]
[Annotator "TA"]
[PlyCount "35"]
[EventDate "2021.10.19"]
[EventType "swiss"]
[EventCountry "BAN"]
[SourceTitle "playchess.com"]
[Source "ChessBase"]
[SourceQuality "1"]

{[%evp 18,35,21,21,25,14,35,28,45,0,89,77,283,284,293,288,910,895,949,893]} 1. e4 {Gurevich,M} e6 2. d4 d5 3. Nc3 Nf6 4. Bg5 dxe4 5. Nxe4 Be7 6. Bxf6 Bxf6 7. Nf3 O-O 8. Qd2 b6 9. Nxf6+ Qxf6 10. Bd3 Bb7 {C13: French: Classical System: 4 Bg5 Be7, Alekhine-Chatard Attack.} 11. Ng5 g6 ({Don't play} 11... Bxg2 $6 12. Rg1 $16) 12. O-O-O Nc6 {White has an edge.} 13. h4 {Black must now prevent h5.} Nxd4 {[#]} (13... Qxd4 $11 {remains equal.} 14. Nf3 Qg7) 14. h5 $1 $16 {[#]} Rfd8 $146 (14... Bxg2 $16 {was worth a try.} 15. Nxh7 Kxh7 16. hxg6+ Kg8) ({Predecessor:} 14... Bxg2 15. Nxh7 Kxh7 16. hxg6+ Kg8 17. Rh6 Nf3 18. gxf7+ Rxf7 19. Rxf6 Nxd2 20. Rg6+ Rg7 21. Rxg7+ Kxg7 {½-½ (71) Sax,G (2600)-Gurevich,M (2640) Manila 1990 CBM 019 [Gurevich,M]}) 15. hxg6 $18 hxg6 16. Nh7 Qe5 (16... Qe7 17. Qf4 Nf5) 17. Rde1 Qg7 18. Qg5 {Black did not feel at home in the position after the opening.  Weighted Error Value: White=0.05/Black=0.77} 1-0

[Event "Sheikh Russel GM 2021"]
[Site "Dhaka"]
[Date "2021.10.21"]
[Round "3.10"]
[White "Neelash Saha"]
[Black "Deepan Chakkravarthy J."]
[Result "1-0"]
[WhiteElo "2421"]
[BlackElo "2535"]
[Annotator "TA"]
[PlyCount "93"]
[EventDate "2021.10.19"]
[EventType "swiss"]
[EventCountry "BAN"]
[SourceTitle "playchess.com"]
[Source "ChessBase"]
[SourceQuality "1"]

{[%evp 12,93,30,23,31,29,30,28,22,0,8,0,0,0,0,-3,0,0,0,-12,0,0,0,0,0,0,48,34,32,21,34,31,48,62,85,79,110,90,147,135,143,123,139,133,97,107,182,179,169,167,173,174,165,156,161,158,191,184,210,223,250,217,296,300,300,300,300,300,295,296,298,280,277,262,268,217,296,297,370,381,449,436,432,425]} 1. d4 e6 2. c4 Nf6 3. g3 Bb4+ 4. Bd2 a5 5. Bg2 d5 6. Nf3 O-O 7. Qc2 {Nowadays more popular than 7.0-0.} Be7 {E11: Bogo-Indian.} 8. O-O c6 9. Rd1 Nbd7 {White has an edge.} 10. a4 b6 11. cxd5 cxd5 12. Nc3 Ba6 13. Nb5 Rc8 {[%cal Ba8c8,Bc8c4,Bc4b4][%mdl 32]} 14. Qb3 Ne4 {[#]} 15. Bf4 $146 ({Predecessor:} 15. Be1 Nd6 16. e3 Bxb5 17. axb5 Qc7 18. Bf1 Qb7 19. Bd3 Rc7 20. Rdc1 Rfc8 21. Rxc7 Rxc7 {1-0 (43) Petkov,V (2506)-Gutierrez Olivares,D (2284) Las Palmas 2018}) 15... Rc4 16. Ne1 {next Bxe4 is good for White.} Rb4 17. Qa2 Bxb5 18. axb5 Nd6 19. Bxd6 Bxd6 20. e3 Rc4 ({But not} 20... Rxb5 $6 21. Bf1 $16) 21. e4 Qc8 22. exd5 e5 23. Nf3 $1 {Hoping for Bh3.} Rc2 24. Qb3 e4 ({Black should try} 24... exd4 25. Nxd4 Rc7) 25. Ne1 $16 Rc4 26. Bxe4 Rb4 27. Qc3 Nf6 {[#]} 28. Rac1 $1 Qd8 (28... Qxc3 $16 29. bxc3 Rxb5) 29. Bg2 $18 Rxb5 30. Nd3 a4 31. Qc6 Ra5 {[#]} 32. Ne5 $1 {[%cal Re5c4] aiming for Nc4.} b5 {[#]} 33. Qb7 $1 Qa8 34. Qb6 Ra6 35. Qxb5 Rb8 36. Qc4 Rxb2 37. Qc8+ Bf8 38. d6 Qxc8 39. Rxc8 {Strongly threatening d7.} Rxd6 40. Nc4 $1 {[%csl LRb2,LRd6][%mdl 64] Double Attack} Rdb6 41. Nxb6 Rxb6 42. Ra8 a3 43. Rc1 {Black must now prevent Rcc8!} g5 44. Rc7 Rb4 45. Bf1 Rxd4 46. Rcc8 Nd7 47. Bb5 {Weighted Error Value: White=0.05/Black=0.17} 1-0

[Event "Sheikh Russel GM 2021"]
[Site "Dhaka"]
[Date "2021.10.21"]
[Round "3.11"]
[White "Koustav Chatterjee"]
[Black "Visakh N R"]
[Result "1-0"]
[WhiteElo "2431"]
[BlackElo "2515"]
[Annotator "ChessBase"]
[PlyCount "87"]
[EventDate "2021.10.19"]
[EventType "swiss"]
[EventCountry "BAN"]
[SourceTitle "playchess.com"]
[Source "ChessBase"]
[SourceQuality "1"]
[TimeControl "40/5400+30:1800+30"]

1. e4 {[%emt 0:05:34]} c5 {[%emt 0:00:10]} 2. Nf3 {[%emt 0:00:06]} d6 {[%emt 0:00:07]} 3. Bb5+ {[%emt 0:00:06]} Nd7 {[%emt 0:00:11]} 4. a4 {[%emt 0:00:19]} Ngf6 {[%emt 0:02:43]} 5. Nc3 {[%emt 0:00:07]} g6 {[%emt 0:05:50]} 6. a5 {[%emt 0:02:02]} Bg7 {[%emt 0:01:43]} 7. O-O {[%emt 0:00:46]} a6 {[%emt 0:04:35]} 8. Be2 {[%emt 0:01:45]} e5 {[%emt 0:04:44]} 9. d3 {[%emt 0:02:14]} O-O {[%emt 0:01:08]} 10. Nd2 {[%emt 0:02:30]} b5 {[%emt 0:05:06]} 11. axb6 {[%emt 0:01:35]} Nxb6 {[%emt 0:00:02]} 12. Nc4 {[%emt 0:08:05]} Be6 {[%emt 0:03:17]} 13. Bg5 {[%emt 0:11:24]} h6 {[%emt 0:01:58]} 14. Be3 {[%emt 0:00:41]} Kh7 {[%emt 0:04:48]} 15. Qd2 {[%emt 0:03:13]} Nxc4 {[%emt 0:15:47]} 16. dxc4 {[%emt 0:00:29]} Ng4 {[%emt 0:00:01]} 17. Bxg4 {[%emt 0:07:41]} Bxg4 {[%emt 0:00:02]} 18. f3 {[%emt 0:13:15]} Be6 {[%emt 0:00:11]} 19. Rfd1 {[%emt 0:00:29]} Qb8 {[%emt 0:01:47]} 20. Qxd6 {[%emt 0:05:08]} Qxb2 {[%emt 0:00:31]} 21. Qd2 {[%emt 0:00:05]} Qb7 {[%emt 0:13:20]} 22. Rdb1 {[%emt 0:09:52]} Qc6 {[%emt 0:05:08]} 23. Nd5 {[%emt 0:02:44]} Rfb8 {[%emt 0:00:10]} 24. Qa5 {[%emt 0:02:32]} Bf8 {[%emt 0:01:19]} 25. Kf2 {[%emt 0:03:19]} Rb7 {[%emt 0:01:38]} 26. Rxb7 {[%emt 0:02:26]} Qxb7 {[%emt 0:00:04]} 27. Nc7 {[%emt 0:00:05]} Rb8 {[%emt 0:05:45]} 28. Nxe6 fxe6 {[%emt 0:00:02]} 29. Bxc5 {[%emt 0:07:16]} Bxc5+ {[%emt 0:06:55]} 30. Qxc5 {[%emt 0:00:02]} Rc8 {[%emt 0:00:01]} 31. Qxe5 {[%emt 0:03:46]} Rxc4 {[%emt 0:00:13]} 32. Ra2 {[%emt 0:01:45]} Qc8 {[%emt 0:06:26]} 33. Kg3 {[%emt 0:00:31]} Rc5 {[%emt 0:00:02]} 34. Qd6 {[%emt 0:01:24]} a5 {[%emt 0:03:38]} 35. h4 {[%emt 0:00:20]} Rb5 {[%emt 0:00:53]} 36. Qe7+ {[%emt 0:01:22]} Kg8 {[%emt 0:00:03]} 37. Qf6 {[%emt 0:00:27]} Qc7+ {[%emt 0:02:56]} 38. Kh3 {[%emt 0:01:06]} Kh7 {[%emt 0:00:03]} 39. Qxe6 {[%emt 0:02:03]} Rb1 {[%emt 0:00:02]} 40. e5 {[%emt 0:00:00]} Rh1+ {[%emt 0:00:00]} 41. Kg3 {[%emt 0:03:25]} Qc3 {[%emt 0:02:59]} 42. Qd7+ {[%emt 0:01:38]} Kh8 {[%emt 0:02:08]} 43. Qd8+ {[%emt 0:00:16]} Kh7 {[%emt 0:00:22]} 44. Qxa5 {[%emt 0:00:16]} 1-0

[Event "Sheikh Russel GM 2021"]
[Site "Dhaka"]
[Date "2021.10.21"]
[Round "3.12"]
[White "Mousavi, Seyed Khalil"]
[Black "Shahil Dey"]
[Result "1-0"]
[WhiteElo "2510"]
[BlackElo "2398"]
[Annotator "ChessBase"]
[PlyCount "63"]
[EventDate "2021.10.19"]
[EventType "swiss"]
[EventCountry "BAN"]
[SourceTitle "playchess.com"]
[Source "ChessBase"]
[SourceQuality "1"]
[TimeControl "40/5400+30:1800+30"]

1. e4 {[%emt 0:00:07]} c5 {[%emt 0:00:17]} 2. Nf3 {[%emt 0:00:37]} e6 {[%emt 0:00:53]} 3. d4 {[%emt 0:00:59]} cxd4 {[%emt 0:00:05]} 4. Nxd4 {[%emt 0:00:07]} a6 {[%emt 0:00:10]} 5. Nc3 {[%emt 0:01:10]} Qc7 {[%emt 0:00:08]} 6. Bd3 {[%emt 0:01:04]} Nf6 {[%emt 0:00:09]} 7. f4 {[%emt 0:01:24]} d6 {[%emt 0:00:23]} 8. Qf3 {[%emt 0:01:13]} Nc6 {[%emt 0:03:49]} 9. Be3 {[%emt 0:01:11]} Be7 {[%emt 0:02:56]} 10. O-O-O {[%emt 0:01:08]} Bd7 {[%emt 0:02:52]} 11. h3 {[%emt 0:09:35]} O-O-O {[%emt 0:21:09]} 12. Qf2 {[%emt 0:10:23]} Rde8 {[%emt 0:14:21]} 13. g4 {[%emt 0:06:19]} h6 {[%emt 0:02:52]} 14. Kb1 {[%emt 0:08:33]} g5 {[%emt 0:02:39]} 15. fxg5 {[%emt 0:04:27]} hxg5 {[%emt 0:00:11]} 16. Nf3 {[%emt 0:00:57]} Nh7 {[%emt 0:18:23]} 17. Na4 {[%emt 0:01:28]} Kb8 {[%emt 0:01:15]} 18. Nb6 {[%emt 0:01:09]} Bf6 {[%emt 0:01:24]} 19. Rhe1 {[%emt 0:09:33]} Bc8 {[%emt 0:05:40]} 20. Bf1 {[%emt 0:00:54]} Ne5 {[%emt 0:06:28]} 21. Nxe5 {[%emt 0:03:11]} Bxe5 {[%emt 0:00:03]} 22. Nc4 {[%emt 0:02:52]} Ka8 {[%emt 0:04:47]} 23. a4 {[%emt 0:07:16]} f6 {[%emt 0:02:02]} 24. Nb6+ {[%emt 0:04:17]} Kb8 {[%emt 0:00:22]} 25. Rd3 {[%emt 0:01:04]} Bd7 {[%emt 0:05:23]} 26. Rb3 {[%emt 0:02:30]} Bc6 {[%emt 0:00:01]} 27. Bxa6 {[%emt 0:05:21]} d5 {[%emt 0:00:16]} 28. Bc5 {[%emt 0:03:54]} Nf8 {[%emt 0:00:59]} 29. a5 {[%emt 0:03:12]} Rh7 {[%emt 0:01:04]} 30. exd5 {[%emt 0:01:42]} exd5 {[%emt 0:00:01]} 31. Bd3 {[%emt 0:01:19]} Rhe7 {[%emt 0:01:25]} 32. a6 {[%emt 0:01:00]} 1-0

[Event "Sheikh Russel GM 2021"]
[Site "Dhaka"]
[Date "2021.10.21"]
[Round "3.13"]
[White "Murshed, Niaz"]
[Black "Debashis, Das"]
[Result "0-1"]
[WhiteElo "2410"]
[BlackElo "2501"]
[Annotator "ChessBase"]
[PlyCount "76"]
[EventDate "2021.10.19"]
[EventType "swiss"]
[EventCountry "BAN"]
[SourceTitle "playchess.com"]
[Source "ChessBase"]
[SourceQuality "1"]
[TimeControl "40/5400+30:1800+30"]

1. Nf3 {[%emt 0:00:08]} c5 {[%emt 0:01:05]} 2. c4 {[%emt 0:00:48]} Nc6 {[%emt 0:00:14]} 3. g3 {[%emt 0:00:42]} g6 {[%emt 0:00:11]} 4. Bg2 {[%emt 0:00:12]} Bg7 {[%emt 0:00:05]} 5. Nc3 {[%emt 0:01:04]} d6 {[%emt 0:00:06]} 6. O-O {[%emt 0:01:00]} Rb8 {[%emt 0:00:06]} 7. d3 {[%emt 0:15:31]} Nf6 {[%emt 0:06:16]} 8. Rb1 {[%emt 0:02:58]} O-O {[%emt 0:00:28]} 9. a3 {[%emt 0:00:38]} a6 {[%emt 0:00:14]} 10. b4 {[%emt 0:03:32]} cxb4 {[%emt 0:00:09]} 11. axb4 {[%emt 0:00:03]} b5 {[%emt 0:00:30]} 12. cxb5 {[%emt 0:01:59]} axb5 {[%emt 0:00:08]} 13. Ne1 {[%emt 0:10:58]} Bd7 {[%emt 0:11:02]} 14. Nc2 {[%emt 0:01:16]} Qc8 {[%emt 0:05:12]} 15. Nd5 {[%emt 0:04:33]} Nxd5 {[%emt 0:04:08]} 16. Bxd5 {[%emt 0:00:07]} Bh3 {[%emt 0:05:07]} 17. Re1 {[%emt 0:01:20]} Be6 {[%emt 0:03:16]} 18. Bxe6 {[%emt 0:00:53]} fxe6 {[%emt 0:04:09]} 19. Bb2 {[%emt 0:07:39]} e5 {[%emt 0:03:07]} 20. d4 {[%emt 0:00:52]} Qh3 {[%emt 0:09:48]} 21. f3 {[%emt 0:06:43]} Rf5 {[%emt 0:01:22]} 22. e4 {[%emt 0:02:41]} Rh5 {[%emt 0:01:49]} 23. Re2 {[%emt 0:00:10]} Rf8 {[%emt 0:01:20]} 24. d5 {[%emt 0:01:51]} Nd8 {[%emt 0:05:23]} 25. Rg2 {[%emt 0:04:51]} Nf7 {[%emt 0:09:14]} 26. Bc1 {[%emt 0:18:38]} Bh6 {[%emt 0:01:18]} 27. Qe2 {[%emt 0:00:45]} Bxc1 {[%emt 0:07:24]} 28. Rxc1 {[%emt 0:00:06]} Qc8 {[%emt 0:00:23]} 29. h4 {[%emt 0:03:33]} Kh8 {[%emt 0:08:03]} 30. Rf1 {[%emt 0:00:32]} Qd7 {[%emt 0:01:31]} 31. Ne3 {[%emt 0:00:53]} Rc8 {[%emt 0:02:31]} 32. Qd2 {[%emt 0:01:10]} Qa7 {[%emt 0:00:58]} 33. Kh2 {[%emt 0:01:13]} Qa3 {[%emt 0:00:55]} 34. Re2 {[%emt 0:03:02]} Rc3 {[%emt 0:02:40]} 35. Kg2 {[%emt 0:00:14]} Rd3 {[%emt 0:02:30]} 36. Qc1 {[%emt 0:00:28]} Qxb4 {[%emt 0:00:15]} 37. Qc8+ {[%emt 0:01:10]} Kg7 {[%emt 0:00:04]} 38. Rc1 {[%emt 0:00:21]} Rxe3 {[%emt 0:00:27]} 0-1